[Event "II Trofeo Giorgio Porreca"]
[Site "Napoli ITA"]
[Date "2012.11.08"]
[Round "7"]
[White "Esposito, Rosario"]
[Black "Solombrino, Giovanni"]
[WhiteElo "1844"]
[BlackElo "1838"]
[Result "0-1"]
[PlyCount "113"]
[EventDate "2012.09.20"]

1. d4 Nf6 2. c4 g6 3. Nc3 d5 4. Bf4 Bg7 5. e3 O-O 6. cxd5 Nxd5 7. Nxd5 Qxd5 8.
Bxc7 Nc6 9. Nf3 Bf5 10. Qa4 Rac8 11. Bc4 Qe4 12. Bg3 Nxd4 13. Nxd4 Bxd4 14.
Bxf7+ Rxf7 15. Qxd4 Qxg2 16. Rf1 Bh3 17. Qd3 Rf5 18. Rd1 Rfc5 19. e4 Qxf1+ 20.
Qxf1 Bxf1 21. Kxf1 Rc1 22. Rxc1 Rxc1+ 23. Kg2 Kf7 24. Be5 b5 25. Bc3 h5 26. Kg3
Rc2 27. Kf3 Ke6 28. a3 g5 29. h3 a5 30. Bxa5 Rxb2 31. Bb4 Rb3+ 32. Kg2 Ke5 33.
f3 e6 34. Kg3 Rd3 35. Be7 Kd4 36. Bb4 Ke3 37. Be7 Ke2 38. Bb4 Rxf3+ 39. Kg2 Re3
40. Be7 g4 41. hxg4 hxg4 42. e5 Rxe5 43. Kg3 Re4 44. Bd6 e5 45. Be7 Kd3 46. Bd6
Kd4 47. Be7 Kd5 48. Bf8 Ke6 49. Bc5 Kf5 50. Be7 Rc4 51. Kf2 Rc3 52. Bb4 Rb3 53.
Bc5 g3+ 54. Kg2 Kg4 55. Bd6 Rb2+ 56. Kf1 Kf3 57. Bc5 0-1

[Event "II Trofeo Giorgio Porreca"]
[Site "Napoli ITA"]
[Date "2012.11.08"]
[Round "7"]
[White "Farina, Walter"]
[Black "Di Meo, Antonio"]
[WhiteElo "1639"]
[BlackElo "1928"]
[Result "0-1"]
[PlyCount "60"]
[EventDate "2012.09.20"]

1. e4 c6 2. Nc3 g6 3. d4 d5 4. e5 h5 5. h4 Bg7 6. Be3 Nh6 7. Bd3 O-O 8. Qd2 Ng4
9. Bf4 c5 10. f3 cxd4 11. fxg4 dxc3 12. bxc3 Bxg4 13. Nf3 Nc6 14. Nh2 Qd7 15.
Nxg4 Qxg4 16. Be2 Qxg2 17. O-O-O Nxe5 18. Rdg1 Qe4 19. Bh6 Nf3 20. Bxf3 Qxf3
21. Bxg7 Kxg7 22. Qd4+ Qf6 23. Qd3 Rac8 24. Kb2 Rc6 25. Rf1 Qd6 26. Rhg1 Rb6+
27. Kc1 Qa3+ 28. Kd2 Qxa2 29. Rg5 Qc4 30. Qf3 Rf6 0-1

[Event "II Trofeo Giorgio Porreca"]
[Site "Napoli ITA"]
[Date "2012.11.08"]
[Round "7"]
[White "Grasso, Nino"]
[Black "Tesone, Crescenzo"]
[WhiteElo "2058"]
[BlackElo "1832"]
[Result "1-0"]
[PlyCount "81"]
[EventDate "2012.09.20"]

1. e4 c5 2. d4 cxd4 3. c3 dxc3 4. Nxc3 d6 5. Nf3 Nf6 6. e5 Ng8 7. Bc4 e6 8. O-O
d5 9. Bb3 a6 10. Be3 Nd7 11. Nxd5 exd5 12. Qxd5 Qe7 13. Rac1 h6 14. Rc7 Qe6 15.
Qd3 Qg6 16. Qc4 Ne7 17. Rd1 Nc6 18. Qd5 Qe6 19. Qd3 Qe7 20. Bf4 Nd8 21. Qe4 Nc6
22. Rxc6 bxc6 23. Qxc6 Bb7 24. Qxb7 Rb8 25. Qxa6 Rd8 26. Ba4 Qe6 27. Bxd7+ Qxd7
28. Rxd7 Rxd7 29. Qc6 Be7 30. e6 fxe6 31. Ne5 O-O 32. Qxd7 Rd8 33. Qxe6+ Kh7
34. Qg6+ Kg8 35. g3 Bf6 36. Ng4 Rd1+ 37. Kg2 Bxb2 38. Nxh6+ Kh8 39. Nf7+ Kg8
40. Ng5 Rd8 41. Qe6+ 1-0

[Event "II Trofeo Giorgio Porreca"]
[Site "Napoli ITA"]
[Date "2012.11.08"]
[Round "7"]
[White "Messina, Enrico"]
[Black "Ambrosio, Giuseppe"]
[WhiteElo "2219"]
[BlackElo "2084"]
[Result "1-0"]
[PlyCount "99"]
[EventDate "2012.09.20"]

1. e4 c5 2. d4 cxd4 3. c3 dxc3 4. Nxc3 Nc6 5. Bc4 e6 6. Nf3 d6 7. O-O Nf6 8.
Qe2 Be7 9. Rd1 e5 10. Be3 O-O 11. Rac1 Be6 12. b4 a6 13. Bxe6 fxe6 14. Qc4 Qd7
15. Qb3 Rae8 16. Rc2 Ng4 17. Bc5 Rf6 18. Rcd2 Rd8 19. Bxd6 Bxd6 20. Rxd6 Qxd6
21. Rxd6 Rxd6 22. h3 Nh6 23. Qc4 Rf8 24. a4 Nf7 25. b5 Nd4 26. Qc7 axb5 27.
Nxb5 Rc6 28. Qxb7 Rc1+ 29. Kh2 Nxf3+ 30. gxf3 Ng5 31. h4 Nxf3+ 32. Kh3 Rf4 33.
Qb8+ Kf7 34. Nd6+ Kg6 35. Qe8+ Kh6 36. Nf7+ Kh5 37. Nxe5+ g6 38. Nxf3 Rxf3+ 39.
Kg2 Rfc3 40. a5 Rc5 41. Qe7 Kh6 42. a6 Ra5 43. a7 Rca1 44. Qf8+ Kh5 45. Qf4 g5
46. Qf7+ Kxh4 47. Qxh7+ Kg4 48. Qf7 Kh4 49. Qxe6 Rxa7 50. Qh3# 1-0

[Event "II Trofeo Giorgio Porreca"]
[Site "Napoli ITA"]
[Date "2012.11.08"]
[Round "7"]
[White "Schiappoli, Dario"]
[Black "Sparice, Lorenzo"]
[WhiteElo "1960"]
[BlackElo "1469"]
[Result "1-0"]
[PlyCount "41"]
[EventDate "2012.09.20"]

1. e4 c5 2. Nf3 e6 3. d4 cxd4 4. Nxd4 a6 5. Be3 b6 6. Bc4 Bb7 7. f3 d6 8. Nc3
Nf6 9. O-O Be7 10. Qe2 d5 11. Bd3 O-O 12. Rad1 Bc5 13. e5 Nfd7 14. f4 Nc6 15.
Qf2 Bxd4 16. Bxd4 Nxd4 17. Qxd4 Bc6 18. f5 Nc5 19. f6 g6 20. Qh4 Qc7 21. Qh6
1-0

[Event "II Trofeo Giorgio Porreca"]
[Site "Napoli ITA"]
[Date "2012.11.08"]
[Round "7"]
[White "Seletsky, Grigory"]
[Black "Auletta, Angelo"]
[WhiteElo "2348"]
[BlackElo "2190"]
[Result "1-0"]
[PlyCount "69"]
[EventDate "2012.09.20"]

1. c4 Nf6 2. Nc3 g6 3. g3 Bg7 4. Bg2 O-O 5. d4 d6 6. e3 e5 7. Nge2 Nbd7 8. O-O
Re8 9. h3 c6 10. Qc2 exd4 11. exd4 Nb6 12. b3 Bf5 13. Qd1 d5 14. c5 Nc8 15. g4
Bd7 16. Bg5 h6 17. Be3 h5 18. g5 Nh7 19. h4 f6 20. Qd2 fxg5 21. hxg5 Ne7 22.
Nf4 Nf8 23. Rae1 Nf5 24. Nh3 Ne6 25. Ne2 Nxe3 26. fxe3 Nxg5 27. Nxg5 Qxg5 28.
Nf4 Re7 29. Kh2 Rae8 30. Bh3 Bxh3 31. Nxh3 Qh4 32. Rf4 Qxe1 33. Qxe1 Rxe3 34.
Qf1 Re2+ 35. Rf2 1-0

[Event "II Trofeo Giorgio Porreca"]
[Site "Napoli ITA"]
[Date "2012.11.08"]
[Round "7"]
[White "Somma, Andrea"]
[Black "Esposito, Luca"]
[WhiteElo "1863"]
[BlackElo "2256"]
[Result "0-1"]
[PlyCount "68"]
[EventDate "2012.09.20"]

1. d3 c5 2. e4 Nc6 3. Nf3 g6 4. g3 Bg7 5. Bg2 e6 6. O-O Nge7 7. Nbd2 O-O 8. Re1
d6 9. c3 Rb8 10. Nf1 b5 11. d4 b4 12. dxc5 bxc3 13. cxd6 cxb2 14. Bxb2 Rxb2 15.
dxe7 Qxe7 16. Rc1 Nb4 17. a3 Na2 18. Rc6 Qxa3 19. Ne3 Nc3 20. Qc1 Ra2 21. Qxa3
Rxa3 22. Nc4 Ra2 23. Nd6 Ba6 24. e5 Nd5 25. Nd4 Nb4 26. Rc7 Nd3 27. Re2 Ra1+
28. Bf1 Bxe5 29. Nb3 Bxd6 30. Nxa1 Bxc7 31. Ra2 Bb5 32. Rxa7 Bb6 33. Bxd3 Bxa7
34. Bxb5 Rb8 0-1

[Event "II Trofeo Giorgio Porreca"]
[Site "Napoli ITA"]
[Date "2012.11.08"]
[Round "7"]
[White "Taurisano, Vincenzo"]
[Black "Caiazzo, Diego"]
[WhiteElo "1852"]
[BlackElo "1845"]
[Result "1-0"]
[PlyCount "83"]
[EventDate "2012.09.20"]

1. g3 c5 2. c4 Nc6 3. Nf3 Nf6 4. Nc3 d6 5. Bg2 e6 6. d4 cxd4 7. Nxd4 Nxd4 8.
Qxd4 Be7 9. O-O O-O 10. e4 e5 11. Qd3 Bg4 12. Be3 Nd7 13. Nd5 Nc5 14. Qd2 b6
15. f4 Be6 16. f5 Bxd5 17. cxd5 Rc8 18. Kh1 Qd7 19. b4 Na4 20. f6 Bxf6 21. Rf5
Rc4 22. Raf1 Be7 23. Qf2 Bd8 24. Bh3 Qc7 25. Rxf7 Rxf7 26. Be6 Bf6 27. Bg5 Kh8
28. Qe2 Rf8 29. Qh5 Qe7 30. Bf5 g6 31. Bxg6 Qg7 32. Rxf6 Rc1+ 33. Kg2 Rc2+ 34.
Kh3 Rf2 35. Bf5 Rxf5 36. Rxf5 Rxf5 37. exf5 Qf8 38. f6 Kg8 39. Bh6 Qc8+ 40. Kh4
Qc4+ 41. g4 Qc8 42. Qg5+ 1-0

[Event "II Trofeo Giorgio Porreca"]
[Site "Napoli ITA"]
[Date "2012.11.08"]
[Round "7"]
[White "Vannini, Aldo"]
[Black "De Rosa, Francesco"]
[WhiteElo "1778"]
[BlackElo "1933"]
[Result "0-1"]
[PlyCount "64"]
[EventDate "2012.09.20"]

1. d4 Nf6 2. Nf3 c5 3. e3 e6 4. Bd3 Nc6 5. a3 b6 6. Nbd2 Bb7 7. c3 Be7 8. O-O
h6 9. b4 cxb4 10. cxb4 d5 11. Bb2 O-O 12. Rc1 Rc8 13. Qe2 Bd6 14. Bb1 Qe7 15.
Ne5 Rfd8 16. Ndf3 Nb8 17. Rfd1 Qe8 18. b5 Nfd7 19. a4 Nf8 20. Nd2 f6 21. Nef3
Nbd7 22. Nf1 Rxc1 23. Rxc1 e5 24. Ng3 e4 25. Nd2 Qg6 26. Ba2 f5 27. f4 Nf6 28.
Ndf1 Ne6 29. Bb3 h5 30. h3 h4 31. Nh1 Nh5 32. Nf2 Nhxf4 0-1

[Event "II Trofeo Giorgio Porreca"]
[Site "Napoli ITA"]
[Date "2012.11.08"]
[Round "7"]
[White "Zinnai, Graziano Matteo"]
[Black "Cosenza, Gianni"]
[WhiteElo "2008"]
[BlackElo "1957"]
[Result "1/2-1/2"]
[PlyCount "84"]
[EventDate "2012.09.20"]

1. e4 e6 2. d3 d5 3. Nd2 c5 4. Ngf3 Nc6 5. c3 Bd6 6. g3 Nge7 7. Bg2 O-O 8. O-O
f6 9. Re1 Bd7 10. Qe2 a5 11. a3 Kh8 12. d4 cxd4 13. cxd4 Qb6 14. e5 fxe5 15.
dxe5 Bc5 16. Nf1 Nf5 17. Rd1 Nfd4 18. Nxd4 Nxd4 19. Qg4 Nc2 20. Rb1 Rxf2 21.
Kh1 Bb5 22. Rd2 Raf8 23. Rxf2 Rxf2 24. Bf4 Qc6 25. Rc1 Bxf1 26. Rxf1 Rxf1+ 27.
Bxf1 Ne1 28. Qe2 d4+ 29. Bg2 Nxg2 30. Qxg2 Kg8 31. Qxc6 bxc6 32. a4 Bb4 33. Kg2
Kf7 34. Kf3 h6 35. Ke4 c5 36. g4 g5 37. Bc1 Kg6 38. b3 Kf7 39. Bb2 Ke7 40. Bc1
Kf7 41. Bb2 Ke7 42. Bc1 Kf7 1/2-1/2